Govt. of
Madhya Pradesh

कम्‍प्‍यूटर जागरूकता IBPS,SBI [bank po clerk] (Record no. 65350)

MARC details
000 -LEADER
fixed length control field 00503nam a2200157Ia 4500
003 - CONTROL NUMBER IDENTIFIER
control field macl
005 - DATE AND TIME OF LATEST TRANSACTION
control field 20230127155813.0
008 - FIXED-LENGTH DATA ELEMENTS--GENERAL INFORMATION
fixed length control field 221009s9999 xx 000 0 und d
040 ## - CATALOGING SOURCE
Transcribing agency macl
082 ## - DEWEY DECIMAL CLASSIFICATION NUMBER
Classification number 004
100 ## - MAIN ENTRY--PERSONAL NAME
Personal name संकलनकर्ता, नीतू गायकवाड
9 (RLIN) 79384
245 #0 - TITLE STATEMENT
Title कम्‍प्‍यूटर जागरूकता IBPS,SBI [bank po clerk]
260 ## - PUBLICATION, DISTRIBUTION, ETC. (IMPRINT)
Name of publisher, distributor, etc. अरिहन्‍त
650 ## - SUBJECT ADDED ENTRY--TOPICAL TERM
Topical term or geographic name as entry element कम्‍प्‍यूटर
942 ## - ADDED ENTRY ELEMENTS (KOHA)
Koha item type Hindi Books
Source of classification or shelving scheme
Holdings
Withdrawn status Lost status Source of classification or shelving scheme Damaged status Not for loan Home library Current library Date acquired Cost, normal purchase price Total Checkouts Total Renewals Full call number Barcode Date last seen Date last checked out Price effective from Koha item type
          MACL MACL 27/01/2023 135.00 3 1 004 GCLC00151 06/04/2024 13/03/2024 27/01/2023 Hindi Books